| 000 | 00639nam a22002057a 4500 | ||
|---|---|---|---|
| 003 | OSt | ||
| 005 | 20250625010120.0 | ||
| 008 | 250625b |||||||| |||| 00| 0 eng d | ||
| 020 | _a9786214062164 | ||
| 040 |
_aDWCL - Main lib _cOC |
||
| 082 | _aFil. 001.42 R141r 2019 | ||
| 100 | _aRagma, Feljone G. | ||
| 245 |
_aResearch 2 Quantitative Research/ _cFeljone G. Ragma |
||
| 260 |
_aManila, _bMindshapers co, _c c2019 |
||
| 300 |
_aviii. 2018 pages : _billustrations ; _c25cm. |
||
| 504 | _aIncludes bibliographical references | ||
| 650 | _a1. Quantitative research | ||
| 650 | _a2. Research methods | ||
| 942 |
_2ddc _cBK - FIL _kFil. _n0 |
||
| 999 |
_c3253 _d3253 |
||